Phương pháp dạy học môn toán Giáo trình giành cho các trường cao đẳng sư phạm T.1

Đã lưu trong:
書目詳細資料
主要作者: Phạm, Gia Đức
其他作者: Nguyễn, Mạnh Cảng
格式: 圖書
語言:Undetermined
出版: H. Giáo dục 2001
主題:
在線閱讀:http://lrc.tdmu.edu.vn/opac/search/detail.asp?aID=2&ID=6380
標簽: 添加標簽
沒有標簽, 成為第一個標記此記錄!
Thư viện lưu trữ: Trung tâm Học liệu Trường Đại học Thủ Dầu Một
LEADER 00748nam a2200229Ia 4500
001 TDMU_6380
008 210410s9999 xx 000 0 und d
082 |a 510.71 
090 |b PH104 
100 |a Phạm, Gia Đức 
245 0 |a Phương pháp dạy học môn toán 
245 0 |b Giáo trình giành cho các trường cao đẳng sư phạm 
245 0 |c Phạm Gia Đức 
245 0 |n T.1 
260 |a H. 
260 |b Giáo dục 
260 |c 2001 
300 |a 203tr. 
650 |a Toán học; Phương pháp dạy học  
700 |a Nguyễn, Mạnh Cảng 
856 |u http://lrc.tdmu.edu.vn/opac/search/detail.asp?aID=2&ID=6380 
980 |a Trung tâm Học liệu Trường Đại học Thủ Dầu Một